Подробности
| 000 -МАРКЕР |
| контрольное поле |
03962nam0a2200409 4500 |
| 001 - ИДЕНТИФИКАТОР ЗАПИСИ |
| контрольное поле |
RU\NLR\BIBL_A\012787739 |
| 005 - ИДЕНТИФИКАТОР ВЕРСИИ |
| контрольное поле |
20220804161312.0 |
| 010 ## - МЕЖДУНАРОДНЫЙ СТАНДАРТНЫЙ НОМЕР КНИГИ (ISBN) |
| Номер (ISBN) |
978-5-00078-495-2 |
| Тираж |
500 |
| 021 ## - НОМЕР ГОСУДАРСТВЕННОЙ РЕГИСТРАЦИИ |
| Код страны |
Российская Федерация |
| Номер |
КН-П-22-005664 |
| Номер Листа государственной регистраци |
КН-П-22-0450 |
| 035 ## - ДРУГИЕ СИСТЕМНЫЕ НОМЕРА |
| Идентификатор записи |
(NLR Aleph) 012787739 |
| 035 ## - ДРУГИЕ СИСТЕМНЫЕ НОМЕРА |
| Идентификатор записи |
(RuMoRGB)010971289 |
| 100 ## - ДАННЫЕ ОБЩЕЙ ОБРАБОТКИ |
| Данные общей обработки |
20220516d2021 u y0rusy50 ca |
| 101 0# - ЯЗЫК РЕСУРСА |
| Язык текста, звукозаписи и т.д. |
русский |
| 102 ## - СТРАНА ПУБЛИКАЦИИ ИЛИ ПРОИЗВОДСТВА |
| Страна публикации |
Российская Федерация |
| 105 ## - ПОЛЕ КОДИРОВАННЫХ ДАННЫХ: ТЕКСТОВЫЕ МАТЕРИАЛЫ, МОНОГРАФИЧЕСКИЕ |
| Кодированные данные о монографическом текстовом документе |
a j 000zy |
| 181 #0 - ПОЛЕ КОДИРОВАННЫХ ДАННЫХ: ВИД СОДЕРЖАНИЯ |
| Код вида содержания (ISBD) |
i |
| Код характеристики содержания (ISBD) |
axxe |
| 182 #0 - ПОЛЕ КОДИРОВАННЫХ ДАННЫХ: ТИП СРЕДСТВА |
| Код типа средства (ISBD) |
n - непосредственное |
| 200 1# - ЗАГЛАВИЕ И СВЕДЕНИЯ ОБ ОТВЕТСТВЕННОСТИ |
| Основное заглавие |
Управление знаниями |
| Сведения, относящиеся к заглавию |
учебное пособие для студентов бакалавриата, обучающихся по направлению подготовки 38.03.02 "Менеджмент", и других экономических специальностей |
| Первые сведения об ответственности |
О. Ю. Смыслова, Ю. Ю. Горшкова, Н. Ю. Филоненко [и др.] |
| Последующие сведения об ответственности |
Министерство науки и высшего образования Российской Федерации, Федеральное государственное бюджетное образовательное учреждение высшего образования "Финансовый университет при Правительстве Российской Федерации, Липецкий филиал Финуниверситета" |
| 203 ## - ВИД СОДЕРЖАНИЯ И ТИП СРЕДСТВА |
| Вид содержания |
Текст |
| Дополнительные сведения об издании |
визуальный |
| Тип средства |
непосредственный |
| 210 ## - ПУБЛИКАЦИЯ, РАСПРОСТРАНЕНИЕ И ДР. |
| Место издания, распространения и т.д. |
Липецк |
| -- |
Тамбов |
| Имя издателя, распространителя и т. д. |
Державинский |
| Дата издания, распространения и т.д. |
2021 |
| 215 ## - ФИЗИЧЕСКАЯ ХАРАКТЕРИСТИКА |
| Специфическое обозначение материала и объем |
245 с. |
| Другие сведения о физической характеристике |
ил. |
| Размеры |
21 |
| 300 ## - ОБЩИЕ ПРИМЕЧАНИЯ |
| Текст примечания |
На 3-й с. авт.: д-р экон. наук, доц., проф. О. Ю. Смыслова, Ю. Ю. Горшкова, канд. филол. наук, доц. Н. Ю. Филоненко |
| 300 ## - ОБЩИЕ ПРИМЕЧАНИЯ |
| Текст примечания |
Авт. указаны на обороте тит. с. |
| 320 ## - ПРИМЕЧАНИЯ О НАЛИЧИИ В ДОКУМЕНТЕ БИБЛИОГРАФИИ / УКАЗАТЕЛЯ |
| Текст примечания |
Библиогр.: с. 237-245, в подстроч. примеч. и в конце гл. |
| 330 ## - РЕЗЮМЕ ИЛИ РЕФЕРАТ |
| Текст примечания |
Учебное пособие представляет систематизированное изложение теории и практики в области управления знаниями. В пособии раскрываются теоретические основы интеллектуального капитала организации, специфика тактического и стратегического управления им, показано под влиянием каких условий и факторов происходит трансформация знаний и интеллектуального капитала работников, как с изменениями во времени меняются взгляды на технологии и процессы управления знаниями, появляются новые современные концепции, атакже совершенствуются и развиваются методы аудита и оценки интеллектуального капитала современной компании |
| 606 1# - НАИМЕНОВАНИЕ ТЕМЫ КАК ПРЕДМЕТ |
| Наименование темы |
Предприятия |
| Формальный подзаголовок |
Учебные издания для высших учебных заведений |
| Тематический подзаголовок |
Интеллектуальный капитал |
| -- |
Управление |
| Системный номер авторитетной/нормативной записи |
2551132 |
| Идентификатор авторитетной/нормативной записи |
RU\NLR\AUTH\661509584 |
| 686 1# - ИНДЕКСЫ ДРУГИХ КЛАССИФИКАЦИЙ |
| Индекс |
У5-14-21я73 |
| 701 #1 - ИМЯ ЛИЦА - АЛЬТЕРНАТИВНАЯ ОТВЕТСТВЕННОСТЬ |
| Начальный элемент ввода |
Смыслова |
| Часть имени, кроме начального элемента ввода |
О. Ю. |
| Расширение инициалов личного имени |
Ольга Юрьевна |
| 701 #1 - ИМЯ ЛИЦА - АЛЬТЕРНАТИВНАЯ ОТВЕТСТВЕННОСТЬ |
| Начальный элемент ввода |
Горшкова |
| Часть имени, кроме начального элемента ввода |
Ю. Ю. |
| Расширение инициалов личного имени |
Юлия Юрьевна |
| 701 #1 - ИМЯ ЛИЦА - АЛЬТЕРНАТИВНАЯ ОТВЕТСТВЕННОСТЬ |
| Начальный элемент ввода |
Филоненко |
| Часть имени, кроме начального элемента ввода |
Н. Ю. |
| Дополнения к именам, кроме дат |
канд. филол. наук |
| Расширение инициалов личного имени |
Наталья Юрьевна |
| Системный номер авторитетной/нормативной записи |
210556 |
| Идентификатор авторитетной/нормативной записи |
RU\NLR\AUTH\770210610 |
| 712 02 - НАИМЕНОВАНИЕ ОРГАНИЗАЦИИ - ВТОРИЧНАЯ ОТВЕТСТВЕННОСТЬ |
| Код отношения |
Прочие |
| Начальный элемент ввода |
Финансовый университет при Правительстве Российской Федерации |
| Структурное подразделение |
Липецкий филиал |
| Идентифицирующий признак |
Москва |
| Системный номер авторитетной/нормативной записи |
415520 |
| Идентификатор авторитетной/нормативной записи |
RU\NLR\AUTH\880374545 |
| 942 ## - ДОПОЛНИТЕЛЬНЫЕ ЭЛЕМЕНТЫ ЗАПИСИ (АБИС) |
| Тип экземпляра АБИС |
Книга |
| 980 ## - КОЛЛЕКЦИЯ |
| Название коллекции |
Национальная библиография |